Přehled dějin správy na Moravě a ve Slezsku /

Hlavní autor: Štarha, Ivan, 1935-2022
Jazyk: Čeština
Vydáno: Brno : Moravský zemský archiv v Brně, 2005
Edice: Publikace Moravského zemského archivu v Brně. Nová řada
Témata:
Externí odkaz: Digitalizovaný dokument
Fyzický popis: 75 s. ; 24 cm
Knihy
Uloženo v:
LEADER 01965nam a2200505 a 4500
001 nkc20051633625
003 CZ PrNK
005 20081208104342.0
007 ta
008 051202s2005 xr f 000 0 cze
015 |a cnb001633625 
020 |a 80-86931-02-1  |q (brož.) 
035 |a (OCoLC)85165486 
040 |a BOA001  |b cze  |d ABA001 
043 |a e-xr---  |b e-xr-mr  |b e-xr-sl  |2 czenas 
072 7 |a 35  |x Veřejná správa  |2 Konspekt  |9 15 
080 |a 35  |2 MRF 
080 |a (437.32)  |2 MRF 
080 |a (437.33)  |2 MRF 
080 |a (048.8)  |2 MRF 
100 1 |a Štarha, Ivan,  |d 1935-2022  |7 jk01131086  |4 aut 
245 1 0 |a Přehled dějin správy na Moravě a ve Slezsku /  |c Ivan Štarha 
260 |a Brno :  |b Moravský zemský archiv v Brně,  |c 2005 
300 |a 75 s. ;  |c 24 cm 
490 1 |a Publikace Moravského zemského archivu v Brně. Nová řada ;  |v sv. 9 
500 |a 500 výt. 
504 |a Obsahuje bibliografii a bibliografické odkazy 
650 0 7 |a veřejná správa  |7 ph127076  |z Česko  |2 czenas 
650 0 7 |a správní dějiny  |7 ph492502  |2 czenas 
650 0 9 |a public administration  |z Czechia  |2 eczenas 
650 0 9 |a public administration  |x history  |2 eczenas 
651 7 |a Morava (Česko)  |7 ge130070  |2 czenas 
651 7 |a Slezsko (Česko)  |7 ge138041  |2 czenas 
651 9 |a Moravia (Czechia)  |2 eczenas 
651 9 |a Silesia (Czechia)  |2 eczenas 
655 7 |a monografie  |7 fd132842  |2 czenas 
655 9 |a monographs  |2 eczenas 
830 0 |a Publikace Moravského zemského archivu v Brně.  |p Nová řada  |0 s 
856 4 1 |u http://www.digitalniknihovna.cz/mzk/uuid/uuid:5a9a7da0-f8fc-11e6-8830-005056827e51  |y Digitalizovaný dokument  |x NDK 
910 2 |a BOA001  |b 2-1161.096 
990 |a BK 
995 |a 01 
991 |b 200512  |c NOV 
996 6 |b 2610266868  |c 2-1161.096  |l MZK  |r Sklad / do 1 hodiny  |n 16  |p p.v.  |w 000801117  |u 000010  |a 1  |e BOA001  |j MZK50  |s P 
996 7 |b 2610266869  |c 2-1161.096  |l MZK  |r Sklad / do 1 hodiny  |n 32  |p p.v.  |w 000801117  |u 000020  |a 1  |e BOA001  |j MZK50  |s A